Persona 3 / 4 / 5 Main Characters Quiz - Statistics

General Stats
  • This quiz has been taken 458 times
  • The average score is 23 of 30
Answer Stats
Game Character % Correct
5 Ren Amamiya / Joker
93%
5 Ann Takamaki / Panther
89%
5 Morgana / Mona
89%
5 Makoto Niijima / Queen
88%
5 Ryuji Sakamoto / Skull
88%
5 Yusuke Kitagawa / Fox
85%
5 Futaba Sakura / Oracle
84%
5 Goro Akechi / Crow
84%
5 Haru Okumura / Noir
84%
4 Yu Narukami
84%
3 Makoto Yuki
83%
3 Junpei Iori
80%
3 Yukari Takeba
80%
3 Aigis
79%
5R Sumire Yoshizawa / Violet
79%
4 Teddie
77%
3 Mitsuru Kirijo
76%
3 Akihiko Sanada
75%
3 Koromaru
75%
4 Chie Satonaka
72%
3 Ken Amada
71%
4 Yukiko Amagi
71%
4 Naoto Shirogane
70%
4 Yosuke Hanamura
70%
3 Fuuka Yamagishi
69%
4 Rise Kujikawa
69%
4 Kanji Tatsumi
65%
3 Shinjiro Aragaki
60%
3P Kotone Shiomi
57%
3 FES Metis
57%
No matching quizzes found
Score Distribution
Percent of People with Each Score
Percentile by Number Answered
Your Score History
You have not taken this quiz